¿La pena a prisión perpetua es justa? A propósito de la condena impuesta por la muerte de Fernando Báez Sosa / (Registro nro. 6459)
[ vista simple ]
| 000 -LEADER | |
|---|---|
| fixed length control field | 01860nab a22003137a 4500 |
| 003 - CONTROL NUMBER IDENTIFIER | |
| control field | OSt |
| 005 - DATE AND TIME OF LATEST TRANSACTION | |
| control field | 20260205103803.0 |
| 008 - FIXED-LENGTH DATA ELEMENTS--GENERAL INFORMATION | |
| fixed length control field | 190429b xxu||||| |||| 00| 0 spa d |
| 040 ## - CATALOGING SOURCE | |
| Transcribing agency | PJ |
| 100 ## - MAIN ENTRY--PERSONAL NAME | |
| Personal name | Castex, Francisco |
| 9 (RLIN) | 6562 |
| 245 13 - TITLE STATEMENT | |
| Title | ¿La pena a prisión perpetua es justa? A propósito de la condena impuesta por la muerte de Fernando Báez Sosa /<br/> |
| Statement of responsibility, etc | Francisco Castex, Rosario Alessandretti. |
| 260 ## - PUBLICATION, DISTRIBUTION, ETC. (IMPRINT) | |
| Date of publication, distribution, etc | Ciudad Autónoma de Buenos Aires : |
| Place of publication, distribution, etc | Thomson Reuters La Ley, |
| Name of publisher, distributor, etc | 2024. |
| 300 ## - PHYSICAL DESCRIPTION | |
| Extent | p. 213-218 |
| 500 ## - GENERAL NOTE | |
| General note | Cita: TR LALEY AR/DOC/819/2023. |
| 505 ## - FORMATTED CONTENTS NOTE | |
| Formatted contents note | Sumario: Introducción.— II. ¿En qué consiste la pena perpetua aplicada en el caso aquí analizado? — III. ¿Sin perpetua, no hay justicia? — IV. El discurso punitivista. Su ilegitimidad e inutilidad.— V. Reflexiones finales. |
| 505 ## - FORMATTED CONTENTS NOTE | |
| Formatted contents note | Fallo comentado: TCrim. Nro. 1, Dolores ~ 06/02/2023 ~ Thomsen, Máximo Pablo; Pertossi, Ciro; Comelli, Enzo Tomás; Benicelli, Matías Franco; Viollaz, Ayrton Michael; Cinalli, Blas; Pertossi, Luciano y Pertossi, Lucas Fidel s/ homicidio doblemente agravado por su comisión por alevosía y por el concurso premeditado de dos o más personas —a Báez Sosa, Fernando— en concurso ideal con lesiones leves. |
| 505 ## - FORMATTED CONTENTS NOTE | |
| Title | Si te interesa el texto completo, solicitalo a koha@justierradelfuego.gov.ar |
| 650 #0 - SUBJECT ADDED ENTRY--TOPICAL TERM | |
| 9 (RLIN) | 343 |
| Topical term or geographic name as entry element | DERECHO PENAL |
| 650 #0 - SUBJECT ADDED ENTRY--TOPICAL TERM | |
| 9 (RLIN) | 1247 |
| Topical term or geographic name as entry element | MEDIOS DE COMUNICACION |
| 650 #0 - SUBJECT ADDED ENTRY--TOPICAL TERM | |
| 9 (RLIN) | 4933 |
| Topical term or geographic name as entry element | PRISIÓN PERPETUA |
| 650 #0 - SUBJECT ADDED ENTRY--TOPICAL TERM | |
| 9 (RLIN) | 2913 |
| Topical term or geographic name as entry element | HOMICIDIO |
| 650 #0 - SUBJECT ADDED ENTRY--TOPICAL TERM | |
| 9 (RLIN) | 2818 |
| Topical term or geographic name as entry element | AGRAVANTES DE LA PENA |
| 650 #0 - SUBJECT ADDED ENTRY--TOPICAL TERM | |
| 9 (RLIN) | 2934 |
| Topical term or geographic name as entry element | HOMICIDIO CON ALEVOSÍA |
| 650 #0 - SUBJECT ADDED ENTRY--TOPICAL TERM | |
| 9 (RLIN) | 6081 |
| Topical term or geographic name as entry element | PREMEDITACION |
| 650 #0 - SUBJECT ADDED ENTRY--TOPICAL TERM | |
| Topical term or geographic name as entry element | COAUTORIA |
| 9 (RLIN) | 3344 |
| 700 ## - ADDED ENTRY--PERSONAL NAME | |
| Personal name | Alessandretti, Rosario |
| 9 (RLIN) | 7083 |
| 773 0# - HOST ITEM ENTRY | |
| Host Biblionumber | 2658 |
| Host Itemnumber | 3164 |
| Title | Revista de derecho penal y criminología. Nº 4 - Mayo 2024 |
| Place, publisher, and date of publication | Ciudad Autónoma de Buenos Aires : Thomson Reuters La Ley, 2017- |
| International Standard Serial Number | 00347914 |
| 942 ## - ADDED ENTRY ELEMENTS (KOHA) | |
| Source of classification or shelving scheme | |
| Koha item type | Analítica Artículo de Revista |
No hay ítems disponibles.
